000
00287nam a22000977a 4500
008
170410b xxu||||| |||| 00| 0 eng d
100
_a
Kalotay, Paul
245
_a
Bremen Booklet 2 classical Collecting area
260
_a
Salzburg, austria
_b
author
_c
1947
650
_a
Germany - States and Cities
999
_c
2357
_d
2357